000 02195nam a22002537a 4500
005 20250903105850.0
006 a|||||r|||||||||||
008 t2022 caua b 001 0 eng||
020 _a9781529771732
040 _aGR-AtMCL
_beng
100 _aCombe, Colin,
_4070
_910082
245 1 0 _aIntroduction to global sustainable management /
_cColin Combe.
246 3 0 _aGlobal sustainable management
264 1 _aLos Angeles :
_bSAGE,
_c2022
300 _a293 p. :
_bill. ;
_c23 cm
504 _aIncludes bibliographical references (pages 271-285) and index.
505 0 _aGlobal Sustainable Management: Introduction; Global Sustainable Management Theory; Strategic Thinking and Global Sustainability Management; Triple Bottom Line, Accountability and Transparency; Sustainability Skills and Competences; Sustainability Marketing; Sustainable Operations and Supply Chain Management; Ethics and Corporate Social Responsibility; Sustainability Culture; Sustainability Leadership
520 8 _aAt a time when the effects of climate change are becoming all too real for ordinary citizens around the world, this essential textbook offers insight into how managers can shape and influence the development of sustainability practices as a means of tackling some of the most pressing social, economic, and environmental challenges. Featuring a distinctly international array case studies and examples, as well as learning outcomes, definitions, questions, tasks and further reading, Introduction to Global Sustainable Management provides readers with a valuable understanding of how sustainable management practices can be implemented in different industry sectors across the globe. Suitable for upper-level undergraduate and postgraduate students of sustainable management-related courses. A Tutor's Guide, PowerPoint slides and selected SAGE Business Cases are available to instructors via the companion website. Colin Combe is a senior lecturer in strategic management at Glasgow Caledonian University, UK.
650 0 _aBusiness enterprises
_xEnvironmental aspects
_910083
650 0 _aBusiness
_99977
650 0 _aSustainable development
_910046
942 _cBK
999 _c9921
_d9921